MDQL
is popping MORE tags! Check the
thread
!
Quizzes
Events
Quiz Creation
Community
Videos
Private Events
Remove Ads
Sign In
Join for FREE
Feedback
Dark Mode
Quiz Categories
Sports
Geography
Music
Movies
Television
Just For Fun
Miscellaneous
History
Literature
Language
Science
Gaming
Entertainment
Religion
Holiday
For Kids
Quiz Lab
Recent
Popular Today
Quiz Kudos Today
Editor Picks
Curator Picks
Quizzes by...
Day
Popularity
Type
Ratings
Length
Year
Community
Subscriptions
Recent Discussions
Orange Saloon
Badges
Playlists
Quests
Create
Leaderboards
Showdown
Live 5
Trivia Bingo
Activity
Puzzle Library
Sporcle Events
Private Events
Virtual Trivia
Globe League
Become a Host
Pub Owners
SporcleCon
Opinionation
Our Games
Videos
Blog
Mobile Apps
Partnerships
Remove Ads and Go Orange
Feedback
Literature
Harry Potter
A Song of Ice and Fire
The Hunger Games
Literary Character
Shakespeare
Book
Author
Novel
Poem
Young Adult
Children's Books
Play
Lord of the Rings
Literature
Harry Potter
A Song of Ice and Fire
The Hunger Games
Literary Character
Shakespeare
Book
Author
Novel
Poem
Young Adult
Children's Books
Play
Lord of the Rings
Random Quiz
Search Sporcle
×
Quiz Lab
Quiz Lab
Literature
Book
Type in answers that appear in a list
Type in answers that appear in a list
Classic
Best Score? Go Orange.
Characters in the Guardians of Ga'Hoole Stats
Can you name the Characters in the Guardians of Ga'Hoole?
By
vgamer456
5m
24 Questions
67 Plays
67 Plays
67 Plays
Comments
Comments
Give Quiz Kudos
Give Quiz Kudos
-
- Ratings
hide this ad
More Info
Random Order
Randomize order of answers
Randomize order of answers
Replay
Link that replays current quiz
Next Quiz
Link to next quiz in quiz playlist
You Got
0%
They Got
Avg Score
59%
Avg Friend Score
Upgrade to see
Score Distribution
Jump to the score distribution portion of the page
Score
0/24
Timer
05:00
0
Plays Today
Animal
Name
% Correct
Barn Owl
Soren
98.5%
Barn Owl
Kludd
95.7%
Great Gray Owl
Twilight
93.8%
Elf Owl
Gylfie
92.3%
Barn Owl
Nyra
89.1%
Burrowing Owl
Digger
87.7%
Barn Owl
Eglantine
84.6%
Whiskered Screech Owl
Ezylryb
80.4%
Spotted Owl
Otulissa
78.5%
Nest maid snake
Mrs. Plithiver
78.5%
Short-
Eared Owl
Ruby
73.8%
Northern Saw-
Whet Owl
Martin
70.8%
Animal
Name
% Correct
Pygmy Owl
Primrose
69.2%
Barn Owl
Coryn
63.1%
Snowy Owl
Barran
60.9%
Snowy Owl
Madame Plonk
58.7%
Great Horned Owl
Bubo
58.7%
Kielian nest maid snake
Octavia
58.5%
Spotted Owl
Strix Struma
56.5%
Snowy Owl
Borron
50%
Barn Owl
Pellimore
49.2%
Snowy Owl
Thora
36.6%
Great Gray Owl
Elvanryb
28.3%
Whiskered Screech Owl
Gemma
17.4%
Quiz Playlist
Details
Report
Send in Message
Add To Playlist
More Info:
This is not even close to being all of the characters that would've taken FOREVER!!!
Classic:
Type in answers that appear in a list
Random Order:
Randomize order of answers
Last Updated: Dec 18, 2017
Quiz Scoreboard
CHALLENGE
Sign Up to Join the Scoreboard
Show All
Scores
Hide
Comments
May contain spoilers
Recently Published
5x2 Blitz: Bands
by SL_Kpop136
Music
30s
Colored Red Africa Blitz
by spor1
Geography
30s
Find the 'City' Movie
by crazypaving
Movies
60s
More to Explore
Quiz From the Vault
Featured Blog Post
14 Easter Pick-up Lines to Find Eggs With
hide this ad
You Might Also Like...
Tags
Book Quiz
gahoole
Owl
Today's Top Quizzes in Literature
Browse Literature
hide this ad
Today's Top Quizzes in Book
Browse Book
Top Contributed Quizzes in Literature
1
Sneaky Slytherin Logic Puzzle
2
Harry Potter Slytherin Logic Puzzle
3
Get The Picture: Black or White Literature
4
Logic Puzzle: Avoid Dumbledore's Army
5
Mini Trivia Sudoku: A Song of Ice and Fire
6
A Song of Ice and Fire Logic Puzzle
7
One Thing in Common: Literature II
8
Books By Opening Lines IV
9
The Hunger Games Logic Puzzle: Find Katniss
10
Silmarillion Characters by Any 3 Letters
Explore More
Trending Topics
Kpop
Crossword
Marvel
Anime
Harry Potter
Disney
NBA
NFL
Soccer
Country
Song
WWE
Puzzle
Pokémon
The Office
hide this ad
More By:
vgamer456
Quiz
Plays
Rating
Category
Featured
Created
Ways to Be Wicked Lyrics
2,301
3.20
Music
Jun 26, 2017
Rotten to the Core Lyrics
2,093
3.63
Television
Mar 15, 2016
Figure Out the Disney Lyrics XXXVIII
1,479
2.55
Music
Oct 6, 2017
Figure Out the Disney Lyrics XXIX
1,111
1.38
Music
Nov 27, 2015
Figure Out the Disney Lyrics XXVI
994
2.88
Music
Apr 6, 2015
Go to Creator's Profile
Score Distribution
Quiz Creator Spotlight
vgamer456
Follow
Send a Message
Quizzes Created
-
Created Quiz Play Count
-
More By This Creator
Popular Quizzes Today
1
Colored Red Africa Blitz
2
Find the 'City' Movie
3
5x2 Blitz: Bands
4
Find the US States - No Outlines Minefield
5
The Countries of the World
6
Find the US States
7
US States
8
Find the Countries of Europe - No Outlines Minefield
More Literature Quizzes
Goose or Seuss?
Published
Trending Quizzes
Colored Red Europe Blitz I
Colored Red Europe Blitz II
Colored Red Africa Blitz II
Colored Red Europe Blitz III
Colored Red Africa Blitz III
Recently Updated
How Do You Spell That?
pecheneg
Godzilla Movies
pecheneg
Grab Bag: 4-10 Letters
pecheneg
2024 March Madness Bracket
pecheneg
Famous TV Couples
Peacemaker
Champions League XIs: Real Madrid
pecheneg
Largest US Cities 1790-2010
pecheneg
Rides in Walt Disney World
pecheneg
Most Oscar Losses (Acting)
pecheneg
Beyoncé Albums
pecheneg
Trending Topics
NBA
Disney
Harry Potter
Crossword
Marvel
Kpop
Anime
NFL
Soccer
Song
WWE
Pokémon
Country
Puzzle
The Office
Your Account Isn't Verified!
In order to create a playlist on Sporcle, you need to verify the email address you used during registration. Go to your
Sporcle Settings
to finish the process.
Report this User
Report this user for behavior that violates our
Community Guidelines
.
Details:
Send Report
Go to the Sporcle.com Mobile Site →
Comments